[Event "Teresina op 7th"]
[Site "Teresina"]
[Date "2019.08.04"]
[Round "6"]
[White "Franco, Paulo Arthur Garcia"]
[Black "De Araujo, Sergio C Mendes"]
[Result "0-1"]
[WhiteElo "1854"]
[BlackElo "1984"]
[PlyCount "78"]
[EventDate "2019.08.02"]
[EventType "swiss"]
[EventRounds "6"]
[EventCountry "BRA"]
[SourceTitle "EXT 2020"]
[Source "ChessBase"]
[SourceDate "2019.10.17"]
[SourceVersion "1"]
[SourceVersionDate "2019.10.17"]
[SourceQuality "1"]

1. d4 Nf6 2. Nf3 e6 3. g3 b6 4. Bg2 Bb7 5. 0-0 Be7 6. c4 c5 7. e3 0-0 8. b3 d6 9. Bb2 Nbd7 10. Nc3 a6 11. Qe2 Qc7 12. Rfd1 Rfe8 13. d5 Bf8 14. Qc2 g6 15. e4 e5 16. Nd2 Bh6 17. Rf1 Rf8 18. Qd3 Rae8 19. Ne2 Nh5 20. f4 f5 21. exf5 gxf5 22. fxe5 Nxe5 23. Bxe5 Rxe5 24. Nf4 Nxf4 25. gxf4 Ree8 26. Qg3+ Kh8 27. Rae1 Bc8 28. Kh1 Qf7 29. Qh4 Bg7 30. Bf3 Bf6 31. Qh3 Rxe1 32. Rxe1 Re8 33. Qf1 Rg8 34. Qe2 Bd7 35. Bg2 Qg7 36. Nf3 Qg4 37. Qd2 Rg7 38. Re2 h6 39. Re1 Bc3 0-1

[Event "Teresina-ch"]
[Site "Teresina"]
[Date "2019.03.16"]
[Round "3.1"]
[White "Mello Sales, Caio de"]
[Black "De Araujo, Sergio C Mendes"]
[Result "1/2-1/2"]
[WhiteElo "2041"]
[BlackElo "1958"]
[PlyCount "78"]
[EventDate "2019.03.15"]
[EventType "swiss"]
[EventRounds "5"]
[EventCountry "BRA"]
[SourceTitle "EXT 2022"]
[Source "ChessBase"]
[SourceDate "2021.10.06"]
[SourceVersion "1"]
[SourceVersionDate "2021.10.06"]
[SourceQuality "1"]

1. e4 c5 2. Nf3 e6 3. d4 cxd4 4. Nxd4 a6 5. Bd3 Qc7 6. Qe2 Nc6 7. Nxc6 bxc6 8. e5 d5 9. 0-0 g6 10. c3 Bg7 11. f4 Ne7 12. Be3 c5 13. Qf2 c4 14. Bc2 0-0 15. Bc5 Re8 16. Nd2 Bd7 17. Nf3 Nc6 18. Ng5 h6 19. Nf3 Rec8 20. Be3 Nd8 21. h4 h5 22. Ng5 Be8 23. g4 hxg4 24. Qg3 Nc6 25. Qxg4 Rab8 26. Rab1 d4 27. cxd4 Nb4 28. Be4 c3 29. h5 cxb2 30. hxg6 Qc3 31. gxf7+ Bxf7 32. Qh3 Nc2 33. Bxc2 Qxc2 34. f5 exf5 35. Nxf7 Kxf7 36. Rxf5+ Kg8 37. Rff1 Qg6+ 38. Qg2 Qd3 39. Qd5+ Kh8 1/2-1/2

[Event "Luiz Rego Memorial 5th"]
[Site "Teresina"]
[Date "2017.08.06"]
[Round "5"]
[White "Albuquerque, Wellington S Jr"]
[Black "De Araujo, Sergio C Mendes"]
[Result "1-0"]
[WhiteElo "2171"]
[BlackElo "1932"]
[PlyCount "101"]
[EventDate "2017.08.04"]
[EventType "swiss"]
[EventRounds "6"]
[EventCountry "BRA"]
[SourceTitle "CBM 180 Extra"]
[Source "ChessBase"]
[SourceDate "2017.10.06"]
[SourceVersion "1"]
[SourceVersionDate "2017.10.06"]
[SourceQuality "1"]

1. e4 c5 2. Nf3 e6 3. g3 b6 4. Bg2 Bb7 5. d3 d6 6. 0-0 Nd7 7. Nbd2 Ngf6 8. Re1 Qc7 9. Nc4 Rc8 10. Bf4 Be7 11. e5 Nxe5 12. Nfxe5 Bxg2 13. Nxf7 Kxf7 14. Kxg2 Rhe8 15. Qf3 Qc6 16. Re3 Qxf3+ 17. Rxf3 e5 18. Bg5 Ke6 19. Re1 Nd5 20. Bd2 Rf8 21. Rxf8 Rxf8 22. f4 Bf6 23. a4 Re8 24. fxe5 dxe5 25. Bf4 Nxf4+ 26. gxf4 Kd5 27. Kf3 g6 28. Ne3+ Kc6 29. Ng4 e4+ 30. Rxe4 Rxe4 31. dxe4 Bxb2 32. c4 a6 33. e5 b5 34. axb5+ axb5 35. cxb5+ Kxb5 36. Ke4 c4 37. Kd5 c3 38. Ne3 Bc1 39. e6 Ba3 40. Kd4 Kc6 41. Kxc3 Bd6 42. Ng2 Kd5 43. Kd3 Kxe6 44. Ke4 Kf6 45. Ne3 g5 46. f5 Bxh2 47. Ng4+ Kf7 48. Nxh2 h5 49. Ke5 g4 50. Kf4 Kf6 51. Nf1 1-0

[Event "Luiz Rego Memorial 4th"]
[Site "Teresina"]
[Date "2016.06.26"]
[Round "6"]
[White "Da Luz, Fabio Rodolfo"]
[Black "De Araujo, Sergio C Mendes"]
[Result "0-1"]
[WhiteElo "1693"]
[BlackElo "1970"]
[PlyCount "81"]
[EventDate "2016.06.24"]
[EventType "swiss"]
[EventRounds "6"]
[EventCountry "BRA"]
[SourceTitle "EXT 2017"]
[Source "ChessBase"]
[SourceDate "2016.10.25"]
[SourceVersion "1"]
[SourceVersionDate "2016.10.25"]
[SourceQuality "1"]

1. c4 c5 2. Nf3 e6 3. e3 Nf6 4. Nc3 b6 5. Be2 Bb7 6. 0-0 a6 7. d4 Qc7 8. g3 d6 9. Re1 Be7 10. Bf1 Nbd7 11. Bg2 0-0 12. b3 Rac8 13. Bd2 Rfe8 14. Bc1 Qb8 15. Nd2 Qa8 16. Bxb7 Qxb7 17. Nf3 Bf8 18. Bb2 g6 19. Rb1 Rcd8 20. d5 e5 21. e4 Bg7 22. Bc1 h6 23. Be3 b5 24. Qc1 Kh7 25. h3 b4 26. Ne2 Nxe4 27. Nd2 Nxd2 28. Bxd2 f5 29. Kg2 Nf6 30. Rh1 Rf8 31. h4 Qf7 32. Ng1 f4 33. Nh3 Ne4 34. gxf4 Nxd2 35. Qxd2 exf4 36. Rbe1 f3+ 37. Kf1 Bc3 38. Ng5+ hxg5 39. hxg5+ Kg8 40. Qc2 Bxe1 41. Kxe1 0-1